000 00582nam a22002057a 4500
003 OSt
005 20140310182936.0
008 130201t xxu||||| |||| 00| 0 eng d
020 _a9716350015
050 _aQR115
_b.Sa211 2001
082 _aFIL 576.163
_bSa5 2001
245 _aMikrobiolohiya ng Pagkain
_cSanchez, Prescilla C.
260 _aQuezon City
_bSentro ng Wikang Pilipino, Sistemang Universidad ng Pilipinas
_cc2001
300 _a273 p.
_c26 cm.
521 _a college students
526 _c1210L-1700L
541 _j1
562 _e1
942 _2lcc
_cBK
_kFIL
999 _c17626
_d17626